[Event "AUTO-ADV-4887"]
[Site "http://www.queenalice.com/game.php?id=1861869"]
[Date "2025.8.22"]
[Round "1"]
[White "juim"]
[Black "maurice916"]
[Result "0-1"]
[WhiteElo "1606"]
[BlackElo "1841"]

1. e4 c6 2. d4 d5 3. e5 Bf5 4. Bf4 e6 5. Bd3 Bxd3 6. Qxd3 c5 7. dxc5 Qa5+ 8. Nd2
Qxc5 9. Ngf3 Nc6 10. c3 Nge7 11. O-O Ng6 12. b4 Qb6 13. a4 Nxf4 14. Qb5 Rc8 15.
Qxb6 axb6 16. b5 Na5 17. g3 Ne2+ 18. Kg2 Nxc3 19. Rfc1 Kd7 20. Rc2 Be7 21. Nb1
Ne4 22. Nbd2 Rxc2 23. Rb1 Nxd2 24. Nxd2 Rxd2 25. h4 Nc4 26. Kf3 Nxe5+ 27. Ke3
Nc4+ 28. Kf3 Bc5 29. Kg4 Rxf2 30. Rb3 Ra8 31. h5 Rxa4 0-1

[Event "AUTO-ADV-4887"]
[Site "http://www.queenalice.com/game.php?id=1861884"]
[Date "2025.8.22"]
[Round "1"]
[White "Capixabba789"]
[Black "juim"]
[Result "1-0"]
[WhiteElo "1915"]
[BlackElo "1542"]

1. d4 d5 2. Nc3 e6 3. f4 Bb4 4. Nf3 Nf6 5. e3 Bxc3+ 6. bxc3 Bd7 7. Bd3 O-O 8.
O-O Bc6 9. a4 b5 10. axb5 Bb7 11. Ba3 c6 12. Bxf8 Qxf8 13. b6 a6 14. Ne5 Nbd7
15. Rb1 c5 16. Rf3 c4 17. Be2 a5 18. Rh3 Nxe5 19. fxe5 Ne4 20. Qe1 Ng5 21. Rg3
h6 22. Bf3 Ne4 23. Bxe4 dxe4 24. Qe2 Rc8 25. Qh5 Bc6 26. Qxh6 g6 27. Qh4 Qg7 28.
Qe7 Re8 29. Qd6 Ba8 30. Qc5 Bd5 31. Qxa5 Qh6 32. b7 Bxb7 33. Rxb7 Qh5 34. Qa1
Qe2 35. Qb1 Kg7 36. Rb2 Rh8 37. Rb7 Rh4 38. Qf1 Qxf1+ 39. Kxf1 Rxh2 40. Kg1 Rh8
41. Rc7 Ra8 42. Rxc4 Ra2 43. Rg4 f5 44. exf6+ Kxf6 45. Rxe4 Rxc2 46. Rc6 Kf5 47.
Rexe6 Kg5 48. Rxg6+ Kf5 49. d5 Ke4 50. c4 Kxe3 51. Rce6+ Kd3 52. d6 Rxc4 53. d7
Rc1+ 54. Kh2 1-0

[Event "AUTO-ADV-4887"]
[Site "http://www.queenalice.com/game.php?id=1861885"]
[Date "2025.8.22"]
[Round "1"]
[White "juim"]
[Black "Capixabba789"]
[Result "0-1"]
[WhiteElo "1578"]
[BlackElo "1872"]

1. e4 e5 2. d4 exd4 3. Qxd4 Nf6 4. Bg5 Be7 5. e5 c5 6. Qd3 Ng4 7. Bxe7 Qxe7 8.
Nf3 Nc6 9. Be2 Ngxe5 10. Qc3 Nxf3+ 11. Qxf3 Nd4 12. Qd3 d5 13. Nc3 Bf5 14. Qd2
Nxc2+ 15. Kf1 Nxa1 16. f3 Nc2 17. Nxd5 Qd7 18. Bc4 O-O 19. Kf2 Nd4 20. Re1 Rfe8
21. Rxe8+ Rxe8 22. Qg5 Bg6 23. h4 h5 24. g4 Re2+ 25. Kg3 Qd6+ 26. Nf4 Rxb2 27.
gxh5 Ne2+ 28. Kg4 Nxf4 29. hxg6 Rg2+ 0-1

[Event "AUTO-ADV-4887"]
[Site "http://www.queenalice.com/game.php?id=1861896"]
[Date "2025.8.22"]
[Round "1"]
[White "juim"]
[Black "EdsonEstevam"]
[Result "0-1"]
[WhiteElo "1540"]
[BlackElo "1766"]

1. e4 e5 2. d4 exd4 3. Qxd4 Nc6 4. Qd1 d6 5. Bb5 Bd7 6. Nf3 a6 7. Bd3 h6 8. O-O
Nf6 9. Be3 Bg4 10. Be2 Nxe4 11. Nbd2 d5 12. Nxe4 dxe4 13. Nd4 Bxe2 14. Qxe2 Nxd4
15. Qc4 Nb5 16. Qxe4+ Be7 17. Bc5 c6 18. Rfe1 Nd6 19. Bxd6 Qxd6 20. Rad1 Qf6 21.
Rd4 Rd8 22. Rxd8+ Kxd8 23. c3 Re8 24. Rd1+ Bd6 25. Qc2 Kc7 26. g3 Qf3 27. Qd2
Re6 28. Re1 Rxe1+ 29. Qxe1 g5 30. b4 h5 31. a4 h4 32. Qe3 Qxe3 33. fxe3 h3 34.
a5 f5 35. Kf2 g4 36. Ke2 b6 37. Kd3 b5 38. Kd4 Kd7 39. Kd3 Ke6 40. Kd4 Be7 41.
Kd3 Ke5 42. Ke2 Ke4 43. Kf2 Kd3 44. e4 fxe4 45. Ke1 Kxc3 46. Ke2 Kd4 47. Kd2
Bxb4+ 48. Ke2 Bxa5 49. Kd1 Bc3 0-1

[Event "AUTO-ADV-4887"]
[Site "http://www.queenalice.com/game.php?id=1861897"]
[Date "2025.8.22"]
[Round "1"]
[White "EdsonEstevam"]
[Black "juim"]
[Result "1-0"]
[WhiteElo "1810"]
[BlackElo "1551"]

1. e4 d5 2. exd5 Qxd5 3. Nc3 Qd8 4. h3 e6 5. d4 Bb4 6. Qd2 Qd6 7. a3 Ba5 8. b4
Bb6 9. Nf3 Nf6 10. Qg5 h6 11. Qxg7 Qf8 12. Qxf6 Nd7 13. Qf4 f5 14. Ne5 Nf6 15.
Nb5 Nd5 16. Qf3 Qg8 17. c4 Nf6 18. Nxc7+ Bxc7 19. c5 h5 20. Bb5+ Ke7 21. h4 a6
22. Bc4 Bxe5 23. dxe5 Ne4 24. Bd2 Qd8 25. Rd1 Qc7 26. O-O Qxe5 27. Rfe1 Qg7 28.
Qf4 Rg8 29. Qh2 Qd4 30. Bg5+ Ke8 31. Rxd4 Nxg5 32. hxg5 Rxg5 33. Bxe6 Bxe6 34.
Rxe6+ Kf7 35. Red6 Rb8 36. Rd7+ 1-0

[Event "AUTO-INT-3942"]
[Site "http://www.queenalice.com/game.php?id=1861922"]
[Date "2025.8.23"]
[Round "1"]
[White "Anusha"]
[Black "juim"]
[Result "1-0"]
[WhiteElo "1708"]
[BlackElo "1681"]

1. c4 d5 2. cxd5 Qxd5 3. Nc3 Qd8 4. d4 e6 5. Nf3 Bb4 6. e3 Bxc3+ 7. bxc3 Nf6 8.
Ba3 Nc6 9. Bd3 Bd7 10. O-O Qe7 11. Bxe7 Nxe7 12. Rb1 b6 13. Ne5 O-O 14. Nxd7
Nxd7 15. c4 a5 16. c5 bxc5 17. dxc5 Nxc5 18. Be2 Rad8 19. Qc2 Rd5 20. Rfc1 Na6
21. Bxa6 c5 22. Rb7 Nf5 23. Rc7 Nh4 24. Rxc5 Rd6 25. Be2 g6 26. Rxa5 Kg7 27.
Qb2+ Kh6 28. Qb4 Nf5 29. Rxf5 Rdd8 30. Rfc5 Ra8 31. a4 Rab8 32. Qf4+ Kg7 33. a5
Rb7 34. a6 Ra7 35. h4 Rxa6 36. Bxa6 e5 37. Qxe5+ Kg8 38. h5 f6 39. Qe7 gxh5 40.
Rc7 1-0

[Event "AUTO-INT-3942"]
[Site "http://www.queenalice.com/game.php?id=1861923"]
[Date "2025.8.23"]
[Round "1"]
[White "juim"]
[Black "Anusha"]
[Result "0-1"]
[WhiteElo "1650"]
[BlackElo "1785"]

1. e4 c5 2. Bc4 Nc6 3. Nf3 d6 4. O-O Nf6 5. d3 g6 6. Bg5 Bg7 7. Nc3 O-O 8. Re1
Bg4 9. h3 Bxf3 10. Qxf3 Ne5 11. Qg3 Nxc4 12. b3 Na5 13. e5 dxe5 14. Bd2 Nc6 15.
Bg5 Nd4 16. Rac1 Nd5 17. Nxd5 Qxd5 18. Bxe7 Rfe8 19. c4 Qc6 20. Bg5 b6 21. Be3
Nf5 22. Qh2 Nxe3 23. Rxe3 Bh6 24. Rxe5 Bxc1 25. Rxe8+ Rxe8 26. Qg3 Qf6 27. Qg4
Re1+ 28. Kh2 Qxf2 29. Qc8+ Kg7 30. Qc7 Bf4+ 0-1

[Event "AUTO-INT-3942"]
[Site "http://www.queenalice.com/game.php?id=1861936"]
[Date "2025.8.23"]
[Round "1"]
[White "tche_elvio"]
[Black "juim"]
[Result "0-1"]
[WhiteElo "1477"]
[BlackElo "1574"]

1. e4 d5 2. d4 dxe4 3. Be3 Nc6 4. c3 Bf5 5. g3 e6 6. Bg2 Qf6 7. Ne2 Bd6 8. O-O
e5 9. Nd2 exd4 10. Nxd4 Nxd4 11. Nxe4 Qg6 12. Nxd6+ cxd6 13. Bxd4 Ne7 14. Qa4+
Bd7 15. Qb3 b6 16. Bxa8 O-O 17. Bd5 Nxd5 18. Qxd5 Bh3 19. Rfe1 h6 20. Qe4 Bf5
21. Qf3 Bg4 22. Qe3 Qf5 23. b4 Bh3 24. a4 Qd5 25. a5 Qg2# 0-1

[Event "AUTO-INT-3942"]
[Site "http://www.queenalice.com/game.php?id=1861937"]
[Date "2025.8.23"]
[Round "1"]
[White "juim"]
[Black "tche_elvio"]
[Result "1-0"]
[WhiteElo "1522"]
[BlackElo "1474"]

1. e4 c5 2. d4 e6 3. d5 d6 4. dxe6 Bxe6 5. Nc3 h6 6. Bd3 a6 7. Nf3 Nc6 8. O-O
Be7 9. Be3 Nf6 10. a3 b5 11. g3 O-O 12. Qc1 d5 13. e5 Nd7 14. Bxh6 Ncxe5 15.
Nxe5 Nxe5 16. Bf4 Nxd3 17. cxd3 d4 18. Ne4 Bf5 19. f3 Bxe4 20. dxe4 g6 21. Be5
f6 22. Bf4 g5 23. Bd2 Kf7 24. f4 Kg6 25. g4 c4 26. f5+ Kg7 27. Rf3 Bc5 28. Qe1
d3+ 29. Kh1 a5 30. h4 Rh8 31. h5 Kh6 32. e5 Bd4 33. e6 Bxb2 34. Rb1 Bxa3 35.
Rxb5 Bb4 36. Bxb4 axb4 37. Rxb4 Qa5 38. Qc3 Rhf8 39. Qxc4 Qa1+ 40. Kg2 Ra2+ 41.
Rf2 Rxf2+ 42. Kxf2 d2 43. Qc5 Qe1+ 44. Kg2 Qe2+ 45. Kg3 Qe5+ 46. Qxe5 fxe5 47.
Rb1 e4 48. Kf2 Rd8 49. Rd1 Kg7 50. Ke2 Rd4 51. Rxd2 1-0

[Event "AUTO-OPEN-4611"]
[Site "http://www.queenalice.com/game.php?id=1861990"]
[Date "2025.8.24"]
[Round "1"]
[White "SGF"]
[Black "juim"]
[Result "1-0"]
[WhiteElo "1841"]
[BlackElo "1560"]

1. e4 d5 2. Qf3 dxe4 3. Qxe4 e6 4. Bb5+ Nd7 5. a4 a6 6. Bxd7+ Qxd7 7. Ne2 Bd6 8.
Nbc3 Nf6 9. Qe3 Bb4 10. f3 O-O 11. Qd4 Qxd4 12. Nxd4 Bxc3 13. bxc3 Bd7 14. a5 e5
15. Ba3 Rfe8 16. Nb3 Be6 17. h4 Bf5 18. d3 Nd5 19. Kd2 Nf4 20. g4 Be6 21. Nc5
Bd5 22. Ke3 Bc6 23. g5 Ng2+ 24. Kd2 Nf4 25. Ke3 Nd5+ 26. Ke4 b6 27. axb6 cxb6
28. Nb3 Nxc3+ 29. Ke3 Nb5 30. c4 Nxa3 31. Rxa3 Re6 32. h5 e4 33. dxe4 Rae8 34.
Nd4 Bb7 35. Nxe6 Rxe6 36. Rb3 f5 37. c5 b5 38. Kd4 fxe4 39. Re1 Bc6 40. Ra3 Ba8
41. fxe4 Bb7 42. e5 b4 43. Ra5 Re8 44. Kc4 Rf8 45. Kxb4 Rf5 46. e6 Rxg5 47. e7
Bc6 48. Rxa6 Be8 49. c6 Rf5 50. c7 Rf4+ 51. Kc5 h6 52. c8=Q Rf7 53. Qxe8+ 1-0